000 00255nmm a2200097Ia 4500
008 220120s9999||||xx |||||||||||||||||und||
082 _a621.392 BAS
100 _aPearson education asia
245 0 _aVerilog HDL synthesis a practical primer
260 _c2001
999 _c138833
_d138833